| 000 | 00750nam a22002537a 4500 | ||
|---|---|---|---|
| 005 | 20170124105936.0 | ||
| 010 | _aA-792715 | ||
| 020 |
_c00.00 _a818588190 |
||
| 035 | _aA-792715 | ||
| 037 | _bCen Lib/Ret | ||
| 040 |
_aDPL _bEN |
||
| 082 |
_a301 _bNEW |
||
| 245 |
_aNew perspectives in anthropology / _cedited by P.K. Seth, S. Seth |
||
| 246 | _b | ||
| 260 |
_bM D Publications _aNew Delhi _c1993 |
||
| 270 |
_bNew Delhi _e110002 _aMD, house 11, dariya ganj |
||
| 300 |
_axv, 359p. _c20cm(Hb) |
||
| 500 | _aIncludes bibliographical references and index | ||
| 650 |
_aAnthropology _z _99757 |
||
| 650 |
_aEvolutions _99758 |
||
| 700 |
_aSeth, P.K. _99743 |
||
| 700 |
_aSeth, S. _99759 |
||
| 942 |
_2ddc _cEN _h301 _mNEW |
||
| 999 |
_c124196 _d124196 |
||